| 000 | 00873nam a2200253Ia 4500 | ||
|---|---|---|---|
| 003 | OSt | ||
| 005 | 20221027035419.0 | ||
| 006 | a|||||r|||| 00| 0 | ||
| 007 | ta | ||
| 008 | 220915b |||||||| |||| 00| 0 hin d | ||
| 024 | _a215079 | ||
| 037 | _cTextbook | ||
| 040 |
_bhin _aARTS _cARTS |
||
| 041 | _ahin | ||
| 082 | _aO5932,3x, 152L4 | ||
| 100 | _aअग्रवाल, भारतभूषण, अनु. | ||
| 245 | 0 | _aबारह हॅगरी कहानियाँ | |
| 246 | _aBārah haॅgarī kahāniyanā | ||
| 260 |
_aनई _bदिल्ली साहित्य अकादमी भारत _c1974 |
||
| 300 |
_a200पृ0 _ccm. |
||
| 650 | _aहिन्दी साहित्य | ||
| 942 |
_hO5932,3x, 152L4 _cTB _2CC |
||
| 999 |
_c100459 _d100459 |
||